000 00627nam a22001817a 4500
005 20251108172248.0
008 250721s9999 xx 000 0 ara d
082 1 4 _a956.4/عبد
100 1 _aأبو ليل، عبد الرزاق
245 1 0 _aقصة مدنية اللد /
264 1 _aالقدس :
_bالمنظمة العربية للتربية و الثقافة و العلوم - منظمة التحرير الفلسطينية،
_c[19-].
300 _a66ص
490 0 _aسلسلة المن الفلسطينية ؛13
650 1 7 _aتاريخ فلسطين
650 1 7 _aاللد
942 _2ddc
_cBK
999 _c74509
_d74509